000 00313nam a22001337a 4500
008 180119b xxu||||| |||| 00| 0 eng d
020 _a9780965411134
041 _aeng
080 _a37
100 _a46
101 _aEDU
245 _aStructures of the cognitive performance modes
_cAllen,C.K
942 _2udc
_cBK
999 _c40585
_d40585